00227nam a2200097 a 450000500170000000800410001705000180005824500220007665000090009865000220010720141022142005.0080922s19uu xx 00 eng d aVCDbN66 1996 aNo time for play. aVCD. aNo time for play.